000 00918nam a2200229 i 4500
001 72388
003 ES-MaACL
005 20250815062637.0
007 t|
008 040831s1913 sp ||||1| spa d
100 1 _aGirard, Jules.
_957219
245 1 3 _aEl sentimiento religioso en la literatura griega, desde Homero a Esquilo
_b: estudiado en su desenvolvimiento moral y en su carater dramático /
_cpor Julio Girard ; traducción de Juan Moreno Barutell.
260 _aMadrid :
_bLa España Moderna,
_c[1913] (
_fLuis Faure)
300 _a483 p. ;
_c20 cm.
490 1 _aBiblioteca de jurisprudencia, filosofía e historia
650 0 4 _aLiteratura griega-
_xHistoria y crítica.
_914599
650 7 _aReligión y literatura
_2embne
_9169516
700 1 _aMoreno Barutell, J.
_983330
830 1 0 _aBiblioteca de jurisprudencia, filosofía e historia
_9180691
852 _aES-MaACL
_jF-14963
999 _c72388
_d72388